Comparative analysis on Slovak, Slovenian and Belarus tax measures to support innovations and research

Bielorusko - súčasný stav inovácií. Národná stratégia podpory výskumu a inovácií. Fiškálne stimuly na podporu inovácií. Slovensko - súčasný stav inovácií. Národná stratégia podpory výskumu a inovácií. Fiškálne stimuly na podporu inovácií. Slovinsko - Súčasný stav inovácií. Národná stratégia podpory...

Ausführliche Beschreibung

Gespeichert in:
Bibliographische Detailangaben
1. Verfasser: Hauptman, Lidija
Weitere Verfasser: Kubicová, Jana, 1961-, Rudy, Kiryl
Format: Buchkapitel
Sprache:Englisch
Schlagworte:
Tags: Tag hinzufügen
Keine Tags, Fügen Sie das erste Tag hinzu!

MARC

LEADER 00000nla$a2200000$$$4500
001 0084165
005 20240502071940.5
041 0 |a eng 
044 |a SK 
245 1 0 |a Comparative analysis on Slovak, Slovenian and Belarus tax measures to support innovations and research  |c Lidija Hauptman, Jana Kubicová, Kiryl Rudy 
520 |a Bielorusko - súčasný stav inovácií. Národná stratégia podpory výskumu a inovácií. Fiškálne stimuly na podporu inovácií. Slovensko - súčasný stav inovácií. Národná stratégia podpory výskumu a inovácií. Fiškálne stimuly na podporu inovácií. Slovinsko - Súčasný stav inovácií. Národná stratégia podpory výskumu a inovácií. Fiškálne stimuly na podporu inovácií. 
610 2 0 |a dane 
610 2 0 |a zdaňovanie 
610 2 0 |a inovácia 
610 2 0 |a výskum 
610 2 0 |a porovnanie medzinárodné 
610 2 0 |a Slovensko 
610 2 0 |a Slovinsko 
610 2 0 |a Bielorusko 
100 1 |a Hauptman, Lidija 
700 1 |a Kubicová, Jana, 1961- 
700 1 |a Rudy, Kiryl